000 00476nam a2200193Ia 4500
005 20250425160902.0
008 250425s9999 xx 000 0 und d
041 _aeng
082 _a621.38412
100 _aSTOVER, WM. A.
245 0 _aCIRCUIT DESIGN FOR AUDIO, AM/FM AND TV
250 _aS.E.
260 _aEstados Unidos
_bMCGRAW-HIL
_c1967
260 _aNEW YORK
300 _a352
650 _aDISEÑO DE CIRCUITOS ELECTRONICOS
942 _c01
010 _a7579
999 _c198145
_d198145